Woman and monastic Buddhism in early South Asia: (Record no. 102154)

MARC details
000 -LEADER
fixed length control field 00816nam a22002297a 4500
005 - DATE AND TIME OF LATEST TRANSACTION
control field 20170915151301.0
010 ## - LCCN (DPL NO)
LC control number 1617EN ENG-120797
020 ## - INTERNATIONAL STANDARD BOOK NUMBER
International Standard Book Number 9781138667518
Terms of availability 895.00
035 ## - SYSTEM CONTROL NUMBER
System control number B-650238-240
035 ## - SYSTEM CONTROL NUMBER
System control number EN-104329
037 ## - SOURCE OF ACQUISITION
Stock number DPL
Source of stock number/acquisition UPPAL
082 ## - DEWEY DECIMAL CLASSIFICATION NUMBER
Classification number 250
082 ## - DEWEY DECIMAL CLASSIFICATION NUMBER
Classification number 250.082
100 ## - MAIN ENTRY--PERSONAL NAME
Personal name Kaushik, Garima
245 ## - TITLE STATEMENT
Title Woman and monastic Buddhism in early South Asia:
Statement of responsibility, etc by Garima Kaushik
Remainder of title rediscovering the invisible believers /
260 ## - PUBLICATION, DISTRIBUTION, ETC. (IMPRINT)
Place of publication, distribution, etc New York
Name of publisher, distributor, etc Routledge
Date of publication, distribution, etc 2016
270 ## - ADDRESS
Address 711 third avenue
City New York
Postal code NY 10017
300 ## - PHYSICAL DESCRIPTION
Extent 284p.:
Dimensions 24cm(Hb)
Other physical details ill.
500 ## - GENERAL NOTE
General note Includes index
942 ## - ADDED ENTRY ELEMENTS (KOHA)
Source of classification or shelving scheme Dewey Decimal Classification
Item type English Books
Classification part 250.082
Call number suffix KAU
Holdings
Withdrawn status Lost status Not for loan Collection code Home library Current library Date acquired Source of acquisition Cost, normal purchase price Full call number Barcode Copy number Cost, replacement price Koha item type
    Not For Loan Non-fiction D.B.Act.Division Bawana 15/09/2017 DBAD/PUB 895.00 250.082 KAU EN-104329 1 895.00 English Books
      Non-fiction Central Library Central Library 17/03/2017 BPPD/EN/2016-17/307/24.11.2016/13893/05.12.2016/02.01.2017 895.00 250 KAU B-650238 1 895.00 English Books
      Non-fiction Patel Nagar Patel Nagar 17/03/2017 BPPD/EN/2016-17/307/24.11.2016/13893/05.12.2016/02.01.2017 895.00 250 KAU B-650239 1 895.00 English Books
      Non-fiction Sarojini Nagar Sarojini Nagar 17/03/2017 BPPD/EN/2016-17/307/24.11.2016/13893/05.12.2016/02.01.2017 895.00 250 KAU B-650240 1 895.00 English Books

© Delhi Public Library
Hit Counter
free hit counter